The Simpsons: What the Stonecutters Do Quiz Stats

 Plays Quiz Updated Feb 6, 2020

Support Sporcle.
Go Orange.
Score 0/8 Timer 02:00
0 Plays Today
Who What They Do % Correct
Rigsevery Oscar night?
77.1%
Keepsthe metric system down?
71.9%
Controlsthe British crown?
62.6%
MakesSteve Guttenberg a star?
61%
Holdsback the electric car?
56%
Keepsthe Martians under wraps?
52.8%
LeavesAtlantis off the maps?
27.4%
Robscave fish of their sight?
23.1%

From the Vault

Doubled Things

by SporcleAdmin

We insist that you take this quiz twice to satisfy the irony of it all.
Remove Ads.
Support Sporcle.
Get the best of Sporcle when you Go Orange. This ad-free experience offers more features, more stats, and more fun while also helping to support Sporcle. Thank you for becoming a member.

Show Comments

Extras

Top Quizzes Today


Score Distribution

Your Account Isn't Verified!

In order to create a playlist on Sporcle, you need to verify the email address you used during registration. Go to your Sporcle Settings to finish the process.

Report this User

Report this user for behavior that violates our Community Guidelines.

Details: